Philosophical foundations of education / (Record no. 29447)

MARC details
000 -LEADER
fixed length control field 00915nam a22002417a 4500
005 - DATE AND TIME OF LATEST TRANSACTION
control field 20090822123818.0
008 - FIXED-LENGTH DATA ELEMENTS--GENERAL INFORMATION
fixed length control field 090821t xxu||||| |||| 00| 0 eng d
010 ## - LCCN (DPL NO)
LC control number ENG-94815
020 ## - INTERNATIONAL STANDARD BOOK NUMBER
International Standard Book Number 9788183161992
Terms of availability 700.00
020 ## - INTERNATIONAL STANDARD BOOK NUMBER
International Standard Book Number 8183161995
Terms of availability 700.00
035 ## - SYSTEM CONTROL NUMBER
System control number EN-78348
037 ## - SOURCE OF ACQUISITION
Source of stock number/acquisition DBAD / PUB
040 ## - CATALOGING SOURCE
Original cataloging agency dpl
Language of cataloging English
082 ## - DEWEY DECIMAL CLASSIFICATION NUMBER
Classification number 370.1
100 ## - MAIN ENTRY--PERSONAL NAME
Personal name Mrunalini, T.
245 ## - TITLE STATEMENT
Title Philosophical foundations of education /
Statement of responsibility, etc by T. Mrunalini ; foreworded by Ramesh Ghanta
260 ## - PUBLICATION, DISTRIBUTION, ETC. (IMPRINT)
Place of publication, distribution, etc Hyderbad
Name of publisher, distributor, etc Neelkamal Publications
Date of publication, distribution, etc 2008
270 ## - ADDRESS
Address Sultan Bazar,
City Hyderbad
Postal code 500095
300 ## - PHYSICAL DESCRIPTION
Extent xvi, 376p.
Dimensions 23cm(Hb)
500 ## - GENERAL NOTE
General note Includes bibliographical references and index
942 ## - ADDED ENTRY ELEMENTS (KOHA)
Source of classification or shelving scheme Dewey Decimal Classification
Item type English Books
Call number suffix MRU
Classification part 370.1
Holdings
Withdrawn status Lost status Source of classification or shelving scheme Damaged status Not for loan Collection code Home library Current library Date acquired Source of acquisition Cost, normal purchase price Total Checkouts Full call number Barcode Date last seen Copy number Cost, replacement price Koha item type
    Dewey Decimal Classification   Not For Loan Non-fiction D.B.Act.Division D.B.Act.Division 22/08/2009 DBAD / PUB 700.00   370.1 MRU EN-78348 22/08/2009 1 700.00 English Books

© Delhi Public Library
Hit Counter
free hit counter